UBT Library

Discourse on Metaphysics. Correspodence with Arnauld Monadology (Record no. 54118)

000 -LEADER
fixed length control field 00332nam a22001337a 4500
008 - FIXED-LENGTH DATA ELEMENTS--GENERAL INFORMATION
fixed length control field 190222b xxu||||| |||| 00| 0 eng d
020 ## - INTERNATIONAL STANDARD BOOK NUMBER
International Standard Book Number 0875480306
041 ## - LANGUAGE CODE
Language code of text/sound track or separate title eng
080 ## - UNIVERSAL DECIMAL CLASSIFICATION NUMBER
Universal Decimal Classification number 821
100 ## - Rafti
Rafti 22
101 ## - Shkurtesa
Shkurtesa GJL
245 ## - TITLE STATEMENT
Title Discourse on Metaphysics. Correspodence with Arnauld Monadology
Statement of responsibility, etc Leibniz, G.W
942 ## - ADDED ENTRY ELEMENTS (KOHA)
Source of classification or shelving scheme
Item type Books
Holdings
Withdrawn status Lost status Source of classification or shelving scheme Damaged status Not for loan Collection code Permanent location Current location Shelving location Date acquired Total Checkouts Full call number Barcode Date last seen Price effective from Koha item type
          Koleksioni i përgjithshem UBT - Lipjan UBT - Lipjan Koleksioni i përgjithshem 02/22/2019   821 LEI 002-3021815 02/22/2019 02/22/2019 Books
UBT Library © 2015-2024. All rights reserved University Education for Business and Technology